Language Quiz

Random Language or Letter Quiz

Word Wheels VII Quiz Stats

 Plays Quiz Updated Feb 2, 2020

Support Sporcle.
Go Orange.
Score 0/12 Timer 06:00
0 Plays Today
% Correct
B - Stubborn
82.5%
F - Familiar
79%
V - Advanced
76.7%
I - Indicate
72.9%
L - Omelette
72.8%
H - Hysteria
66%
N - Netballs
65.6%
S - Vileness
65.5%
D - Randomly
64%
P - Campsite
62.7%
C - Trifecta
57.8%
O - Pioneers
57.1%

From the Vault

The Only One: Numbers

by stepheash

Yes, "one" is indeed one of your answer choices here!
Remove Ads.
Support Sporcle.
Get the best of Sporcle when you Go Orange. This ad-free experience offers more features, more stats, and more fun while also helping to support Sporcle. Thank you for becoming a member.

Show Comments

Extras

Top Quizzes Today


Score Distribution

Your Account Isn't Verified!

In order to create a playlist on Sporcle, you need to verify the email address you used during registration. Go to your Sporcle Settings to finish the process.

Report this User

Report this user for behavior that violates our Community Guidelines.

Details: